| 000 | 00732nam a2200193Ia 4500 | ||
|---|---|---|---|
| 008 | 0000001998 usa 0000000000eng00 | ||
| 090 | _aPUS00 C64r | ||
| 100 | 1 |
_aCollins, Jacob _d1964 |
|
| 245 | 1 | 0 | _aRecent paintings by Jacob Collins |
| 300 |
_a1 plegable [14] p. _c/ 14 cm. |
||
| 500 | _aExposición realizada en Spanierman Gallery, New York, Diciembre 531, 1998 \ Con el patronazgo del maestro venezolano Jesús Rafael Soto (q.e.p.d.) | ||
| 600 | 0 | 0 |
_aCOLLINS, JACOB, 1964/ _xTRABAJOS PICTORICOS |
| 650 | 1 | 4 | _xCATALOGOS |
| 650 | 1 | 4 | _xEXPOSICIONES |
| 650 | 1 | 4 | _aPINTORES ESTADOUNIDENSES |
| 650 | 1 | 4 | _aPINTURA ESTADOUNIDENSE |
| 650 | 1 | 4 | _aREALISMO EN EL ARTE |
| 999 |
_c4900 _d4900 |
||
| 260 |
_aNew York : Spanierman Gallery _c1998 |
||